| 000 | 00487nam a22001937a 4500 | ||
|---|---|---|---|
| 003 | CEME | ||
| 005 | 20210628201645.0 | ||
| 008 | 210107b xxu||||| |||| 00| 0 eng d | ||
| 020 | _a9788131715857 | ||
| 040 | _c. | ||
| 082 | _a055.133 C++ SAV | ||
| 100 |
_aWatler Savitch _956207 |
||
| 245 | _aProblem solving with c++ | ||
| 250 | _a6TH | ||
| 260 |
_aINDIA _bPEARSON EDUCATION _c2015 |
||
| 300 | _aXXXI, 1019P | ||
| 650 |
_aC++, PROBLEM SOLVING WITH C++ _956208 |
||
| 942 |
_cBK _2ddc |
||
| 999 |
_c566700 _d566700 |
||